Statistics for Random flag to (sub-)contintent #1

Click here to take the quiz!

General Stats

  • This quiz has been taken 23 times
    (15 since last reset)
  • The average score is 13 of 16

Answer Stats

Answer% Correct
Europe | Germany
100%
North America | Mexico
100%
Asia | South Korea
92%
Europe | Montenegro
92%
Middle East | Georgia
92%
South America | Uruguay
92%
Middle East | Yemen
85%
South America | Venezuela
85%
Africa | Rwanda
77%
North America | Cuba
77%
West Africa | Mauritania
77%
Asia | Myanmar
69%
North America | Trinidad & Tobago
69%
South America | Paraguay
69%
Oceania | Fiji
62%
West Africa | Chad
62%

Score Distribution

Percentile by Number Answered

Percent of People with Each Score

Your Score History

You have not taken this quiz since the last reset